La coopération de la Russie et de la France dans la sphère de l`énergie; Лингвистические и культурологические традиции и инновации

Podrobná bibliografie
Parent link:Лингвистические и культурологические традиции и инновации.— 2014.— [С. 176-180]
Hlavní autor: Jatkina A.
Korporativní autor: Национальный исследовательский Томский политехнический университет
Další autoři: Bykova A., Rostovtseva V. M. Veronika Mikhailovna
Shrnutí:Заглавие с титульного экрана
Jazyk:francouzština
Vydáno: 2014
Edice:Прикладная лингвистика: разработка концепции научно-образовательного комплекса "Интеллектуальные энергосистемы (Smart Grid)"
Témata:
On-line přístup:http://earchive.tpu.ru/handle/11683/20697
http://www.lib.tpu.ru/fulltext/c/2014/C85/V1/044.pdf
Médium: Elektronický zdroj Kapitola
KOHA link:https://koha.lib.tpu.ru/cgi-bin/koha/opac-detail.pl?biblionumber=611667

MARC

LEADER 00000naa2a2200000 4500
001 611667
005 20260416094525.0
035 |a (RuTPU)RU\TPU\conf\9479 
035 |a RU\TPU\conf\9478 
090 |a 611667 
100 |a 20150408d2014 k||y0rusy50 ba 
101 0 |a fre 
102 |a RU 
135 |a drgn ---uucaa 
181 0 |a i  
182 0 |a b 
200 1 |a La coopération de la Russie et de la France dans la sphère de l`énergie  |f A. Jatkina, A. Bykova, V. M. Rostovtseva 
203 |a Текст  |c электронный 
225 1 |a Прикладная лингвистика: разработка концепции научно-образовательного комплекса "Интеллектуальные энергосистемы (Smart Grid)" 
300 |a Заглавие с титульного экрана 
320 |a [Библиогр.: с. 180 (1 назв.)] 
337 |a Adobe Reader 
463 1 |0 (RuTPU)RU\TPU\conf\9447  |t Лингвистические и культурологические традиции и инновации  |o сборник материаов XIV Международной научно-практической конференции, Томск, 12-15 ноября 2014 г.  |f Национальный исследовательский Томский политехнический университет (ТПУ) ; ред. кол. Ю. В. Кобенко [и др.]  |v [С. 176-180]  |d 2014 
610 1 |a труды учёных ТПУ 
610 1 |a электронный ресурс 
610 1 |a сотрудничество 
610 1 |a Россия 
610 1 |a Франция 
610 1 |a энергетика 
610 1 |a атомная энергетика 
610 1 |a альтернативные источники энергии 
700 1 |a Jatkina  |b A. 
701 1 |a Bykova  |b A. 
701 1 |a Rostovtseva  |b V. M.  |c linguist  |c Associate Professor of Tomsk Polytechnic University, Candidate of pedagogical sciences  |f 1956-  |g Veronika Mikhailovna  |3 (RuTPU)RU\TPU\pers\34133  |9 17673 
712 0 2 |a Национальный исследовательский Томский политехнический университет  |c (2009- )  |9 26305 
801 2 |a RU  |b 63413507  |c 20220228  |g RCR 
850 |a 63413507 
856 4 |u http://earchive.tpu.ru/handle/11683/20697 
856 4 |u http://www.lib.tpu.ru/fulltext/c/2014/C85/V1/044.pdf 
942 |c BK